ASINDIGENA: respuesta de organización de las comunidades indígenas /
में बचाया:
| मुख्य लेखक: | |
|---|---|
| स्वरूप: | मूलपाठ |
| विषय: | |
| टैग: |
टैग जोड़ें
कोई टैग नहीं, इस रिकॉर्ड को टैग करने वाले पहले व्यक्ति बनें!
|
MARC
| LEADER | 00000 a a2200000 04500 | ||
|---|---|---|---|
| 001 | 1559 | ||
| 003 | |||
| 040 | |||
| 100 | |a Rojas Maroto, Donald | ||
| 245 | |a ASINDIGENA: |b respuesta de organización de las comunidades indígenas / |c Donald Rojas Maroto | ||
| 650 | |a POBLACION INDIGENA | ||
| 650 | |a DERECHOS HUMANOS | ||
| 650 | |a CULTURA | ||
| 650 | |a CAPITALISMO | ||
| 650 | |a RELIGION | ||
| 650 | |a COSTA RICA | ||
| 773 | |g número 14 -15; páginas 21-23 | ||
| 999 | |c 21809 |d 21809 | ||
